000 00793nam a22001937a 4500
999 _c12047
_d12047
003 AR-CdUCM
008 190405b ||||| |||| 00| 0 spa d
040 _aMUNICIPALIDAD PROVINCIAL DEL CUSCO
_cBIBLIOTECA MUNICIPAL DEL CUSCO
082 _aEP / 372.910 /
_bB42
100 _aBenavides Estrada, Augusto
_928172
245 _aGeografía del Perú :
_bQuinto grado de educación primaria /
260 _aLima :
_bEscuela Nueva.
300 _a240 páginas ;
_bIlustraciones
_c21cm
505 _aContenido: Elementos naturales y culturales de la localidad -- Las regiones geográficas del Perú -- El mar peruano y sus características -- La cordillera de Los Andes...
650 _aGeografía
_9318
650 _aEducación primaria
_91561
942 _2ddc
_cLIBROS
945 _anom
_d2019-04-05